| 000 | 00705nam a2200169 a 4500 | ||
|---|---|---|---|
| 001 | 000029863 | ||
| 005 | 20200930055850.0 | ||
| 008 | 110426s1998 dr 000 0 spa d | ||
| 040 |
_aDO-SdBNP _bspa _cBNPHU |
||
| 082 |
_axxx _bH117 |
||
| 245 | 0 | 0 |
_aHacia la construcción de una oferta electoral. Alianza para superar la pobreza. / : _btú eres el país. Participa y decide. |
| 260 |
_aSanto Domingo, : _bOficina Nacional de las Cumbres : _bÁrea de Descentralización de la Secretaría Ejecutiva de la Comisión Presidencial para la Reforma y Modernización del Estado, _c1998. |
||
| 300 |
_a31 p. ; _c22 cm. |
||
| 490 | 1 |
_aCampaña ciudadana _v4 |
|
| 830 | 0 |
_aCampaña ciudadana _v4 _956612 |
|
| 049 | _aBNPD | ||
| 999 |
_c29355 _d29355 |
||